000 00613nam a2200241Ia 4500
003 OSt
005 20220918200425.0
006 a|||||r|||| 00| 0
007 ta
008 220917b |||||||| |||| 00| 0 eng d
024 _a88,703
037 _cTextual
040 _aARTS
_cARTS
_beng
041 _2eng
_aeng
082 _aU:65:N5, J7;K0
100 _aChurch R J H
245 0 _aWest Africa
_b a syudy of the environment and of man's use of it
250 _a2nd
260 _c1960
650 _aGEOGRAPHY
942 _hU:65:N5, J7;K0
_cTEXL
_2CC
999 _c212373
_d212373